000 009260000a22003850004500
082 _a923.20954
_bB496
518 _a2008-08-19
530 _aM
100 _aSingh, Col. Raghvinder
245 _aBhagat Singh; symbol of heroism for the Indian youth
250 _a2nd ed.
020 _a81-89297-29-5
260 _aDelhi
_bVijay Goel, India
260 _c2008
300 _a152p.
_billus.
041 _aEng
365 _aRs.120.00
440 _aThe daring youth of India
500 _aIncludes bibliography
650 _aBiographies
650 _aMartyr
650 _aHeroism
650 _aChildhood
650 _aEducation
650 _aMarriage
650 _aIdeologies
650 _aNon-violence
650 _aLetters
651 _aIndia
651 _aGreat Britain
650 _aSingh, Bhagat, 1907-1931, Martyr
650 _aIndian Congress
005 20120907085431.0
942 _cGEN
999 _c45593
_d45593